Statistics for The Middle TV Show

Click here to take the quiz!

General Stats

  • This quiz has been taken 77 times
  • The average score is 9 of 15

Answer Stats

Hint Answer % Correct
The YoungestBrick Heck
98%
The Middle ChildSue Heck
98%
The Eldest Son's NameAxl Heck
96%
The Mother's NameFrances (Frankie) Heck
96%
The Father's NameMike Heck
95%
The "Perfect Family" NeighborsThe Donahues
69%
The Middle Child's First BoyfriendBrad
55%
The Youngest's GirlfriendCindy
53%
The Oldest Child's Wife ( for a few days )April
51%
The Mother's Boss At The Car DealershipMr. Ehlert
38%
The Name of The Oldest's Company (or business name ) Made With BandmatesBoss Co.
36%
The Middle Child's College RoommateLexie
35%
The Mascot Of Orson High SchoolHens
22%
The Mother's Boss In The Dentistry BusinessDr. Ted Goodwin
20%
The Oldest's First GirlfriendMorgan
15%

Score Distribution

Percentile by Number Answered

Percent of People with Each Score

Your Score History

You have not taken this quiz